000 00545nam a2200181 i 4500
001 79803
003 ES-MaACL
005 20240224062538.0
007 t|
008 041025s1948 sp ||||1| spa d
100 1 _aHerrero García, Miguel.
_963315
245 1 0 _aVida de Cervantes /
_cMiguel Herrero-García.
260 _aMadrid :
_bEditora Nacional,
_c1948 (
_fSamerón)
300 _a649 p. :
_bil. ;
_c25 cm.
600 1 4 _aCervantes Saavedra, Miguel de,
_d1547-1616
_9226514
852 _aES-MaACL
_jF-5162
_bR.26793
999 _c79803
_d79803